000 00303 a2200145 4500
001 178483
020 _a
040 _cMagnum
100 _aBraido, Eunice
240 1 0 _aUm grande susto
_lpor
245 1 0 _aUm grande susto
362 0 _a1899
697 _aMAGNITO: I/AVENTURA, CRIANCAS
942 _cBK
999 _c178483
_d178483